Catholic University of Zimbabwe Library
Online Public Access Catalogue
(OPAC)

Heart of darkness (Record no. 11589)

MARC details
000 -LEADER
fixed length control field 00567 a2200169 4500
245 ## - TITLE STATEMENT
Title Heart of darkness
Remainder of title : an authoritative text, backgrounds and sources, criticism
Medium print
020 ## - INTERNATIONAL STANDARD BOOK NUMBER
International Standard Book Number 0393955524 (pbk.)
250 ## - EDITION STATEMENT
Edition statement 3rd ed.
650 ## - SUBJECT ADDED ENTRY--TOPICAL TERM
Topical term or geographic name entry element ENGLISH LITERATURE
260 ## - PUBLICATION, DISTRIBUTION, ETC.
Place of publication, distribution, etc. nyu
Name of publisher, distributor, etc. Norton
Date of publication, distribution, etc. c1988
084 ## -
-- PR6005.O4 H4 1988
300 ## - PHYSICAL DESCRIPTION
Extent xvii, 420 p. : ill.
Other physical details 22 cm.
Dimensions xvii, 420 p. : ill. ; 22 cm.
500 ## - GENERAL NOTE
General note Joseph Conrad ; edited by Robert Kimbrough.
490 ## - SERIES STATEMENT
Series statement A Norton critical edition

No items available.

OPENING HOURS

Weekdays: 0815hrs - 1800hrs
Weekends:0900hrs - 1200hrs

Closed for Mass:

Mon, Thur: 1200hrs - 1300hrs
Sunday & Public Holiday’s

CALL SUPPORT

0242-570570, 0242-570169
09200664, +263 8644140602

LOCATION

18443, Cranborne Avenue, Hatfield, Harare

Other Links


©2021 | CUZ Library